000 01109cam a2200289 i 4500
001 18538110
005 20250627101003.0
008 150323s2015 nyu 000 0 eng
010 _a 2015936798
020 _a9780199686049
040 _aDLC
_beng
_erda
_cDLC
_dDLC
042 _apcc
050 0 0 _aJZ6374
_b.O84 2015
082 _a341.584
_bUNI 2015
245 0 4 _aThe Oxford handbook of United Nations peacekeeping operations /
_cedited by Joachim A. Koops, Norrie MacQueen, Thierry Tardy and Paul D.Williams.
250 _aFirst edition.
264 1 _aNew York, NY :
_bOxford University Press,
_c2015.
300 _axxiv, 908 pages :
_billustrations ; photocopy
_c26 cm
336 _atext
_btxt
_2rdacontent
337 _aunmediated
_bn
_2rdamedia
338 _avolume
_bnc
_2rdacarrier
650 0 _aUnited Nations
_xPeacekeeping forces.
_913034
700 1 _aKoops, Joachim Alexander,
_eeditor.
_9129245
906 _a7
_bcbc
_corignew
_d2
_eepcn
_f20
_gy-gencatlg
942 _2ddc
_cBK
999 _c613932
_d613932